Places To Study
There are group study rooms, individual study carrels, computer labs, and other spaces to study in the Libraries.
Reserve A Group Room| 000 -LEADER | |
|---|---|
| fixed length control field | 00989nam a22001937a 4500 |
| 003 - CONTROL NUMBER IDENTIFIER | |
| control field | OSt |
| 005 - DATE AND TIME OF LATEST TRANSACTION | |
| control field | 20251216135551.0 |
| 008 - FIXED-LENGTH DATA ELEMENTS--GENERAL INFORMATION | |
| fixed length control field | 251216b |||||||| |||| 00| 0 eng d |
| 040 ## - CATALOGING SOURCE | |
| Transcribing agency | DCL |
| 082 ## - DEWEY DECIMAL CLASSIFICATION NUMBER | |
| Classification number | ၂၉၄.၃၈၂၄၇ |
| 100 0# - MAIN ENTRY--PERSONAL NAME | |
| Personal name | ဣန္ဒေါဘာသမဟာထေရ်၊ |
| Titles and words associated with a name | ဘဒ္ဒန္တ- |
| 245 00 - TITLE STATEMENT | |
| Title | ပဉှာဝါရဝိပဿနာတရားတော်ကြီး၊ |
| Name of part/section of a work | အမှတ်စဉ်(၂) / |
| Statement of responsibility, etc. | ဘဒ္ဒန္တ ဣန္ဒေါဘာသမဟာထေရ်။ |
| 260 ## - PUBLICATION, DISTRIBUTION, ETC. | |
| Place of publication, distribution, etc. | ရန်ကုန် ၊ |
| Name of publisher, distributor, etc. | ပြည်မြန်မာစာအုပ်တိုက်၊ |
| Date of publication, distribution, etc. | ၂၀၁၇။ |
| 300 ## - PHYSICAL DESCRIPTION | |
| Extent | ၃၉၄ စာမျက်နှာ ၊ |
| Dimensions | ၂၇ စင်တီ။ |
| 504 ## - BIBLIOGRAPHY, ETC. NOTE | |
| Bibliography, etc. note | ကျမ်းကိုးစာရင်းပါဝင်သည်။ |
| 650 ## - SUBJECT ADDED ENTRY--TOPICAL TERM | |
| Topical term or geographic name entry element | ပဋ္ဌာန်း။ |
| 650 ## - SUBJECT ADDED ENTRY--TOPICAL TERM | |
| Topical term or geographic name entry element | ဗုဒ္ဓဘာသာ |
| Form subdivision | တရားတော်။ |
| 942 ## - ADDED ENTRY ELEMENTS (KOHA) | |
| Source of classification or shelving scheme | Dewey Decimal Classification |
| Koha item type | Short Term |
| Suppress in OPAC | No |
| Withdrawn status | Lost status | Source of classification or shelving scheme | Damaged status | Not for loan | Collection | Accession No. | Home library | Current library | Shelving location | Date acquired | Total checkouts | Full call number | Barcode | Date last seen | Price effective from | Koha item type |
|---|---|---|---|---|---|---|---|---|---|---|---|---|---|---|---|---|
| Dewey Decimal Classification | Myanmar Collection | ၁၉၉၉ | Dhammadhara | Dhammadhara | Myanmar Shelves | 16/12/2025 | ၂၉၄.၃၈၂၄၇ ဣန် ၁၉၉၉ | MB00001999 | 16/12/2025 | 16/12/2025 | Short Term |